000
00297nam a22001097a 4500
008
230621b xxu||||| |||| 00| 0 eng d
082
_a
328.59
_b
MAL
100
_c
Parlimen Malaysia
245
_a
Peraturan-peraturan Majlis Mesyuarat
_b
Standing Orders of the Senate
300
_a
250p
942
_2
ddc
_c
BK
999
_c
2247
_d
2247